00000000nam 2200000zi 4500
0019.945563
003CaOODSP
00520241126093514
006m     o  d f      
007cr |n|||||||||
008241126s1977    onc     o    f000 0 fre d
040 |aCaOODSP|bfre|erda|cCaOODSP
043 |an-cn---
0861 |aF97-2/1977F-PDF
24500|aProgramme de coopération : |bun document d'étude portant sur les questions du décontrôle et de l'après-contrôle.
264 1|a[Ottawa] : |bGouvernement du Canada = Government of Canada, |c[1977]
300 |a1 ressource en ligne (66 pages)
336 |atexte|btxt|2rdacontent/fre
337 |ainformatique|bc|2rdamedia/fre
338 |aressource en ligne|bcr|2rdacarrier/fre
500 |aPublié aussi en anglais sous le titre : Agenda for co-operation : a discussion paper on decontrol and post-control issues.
500 |aÉdition numérisée de l'imprimée [par Direction des publications du Gouvernement du Canada].
650 6|aRevenu|xPolitique gouvernementale|zCanada.
650 6|aInflation|zCanada.
7101 |aCanada. |bMinistère des finances, |eorganisme de publication.
77508|tAgenda for co-operation : |w(CaOODSP)9.945122
85640|qPDF|s3.99 Mo|uhttps://publications.gc.ca/collections/collection_2024/fin/F97-2-1977-fra.pdf